| 000 | 01138cad a22002175a 4500 | ||
|---|---|---|---|
| 001 | L142774 | ||
| 008 | 080307s2008 xxkad f s 000 0 eng d | ||
| 035 | _a(Sirsi) u142774 | ||
| 041 | 0 | _aeng | |
| 050 | 0 | 4 | _a333.33 $2 18 |
| 110 | 2 |
_aKing Sturge _93877 |
|
| 245 | 0 | 0 |
_aOffice markets 2008 _h[electronic resource] |
| 260 |
_aLondon _bKing Sturge _c2008 |
||
| 505 | 2 | _aIntroduction -- Market activity --Outlook -- Sustainability -- Office market overviews | |
| 520 | _aFinds that supply is limited for Grade A space, especially in city centres. Prospects for regional markets are improving, with many cities expecting new buildings in 2008. Demand rose in 15 out of 25 locations compared to the previous year. The amount of floorspace acquired rose 46% since 2007, except in the public sector which saw a fall from 20% to 16%. Reports that enquiries were down by 9%. | ||
| 650 | 2 | 4 | _aKING STURGE OFFICE MARKETS |
| 651 | 4 |
_aUnited Kingdom _y |
|
| 690 | _aPROPERTY-COMMERCIAL PROPERTY-COMMERCIAL PROPERTY MARKET | ||
| 856 | 4 | 1 |
_uhttps://www.kingsturge.com/property _zView this report free of charge at www.kingsturge.com? |
| 942 | _n0 | ||
| 999 |
_c107963 _d107963 |
||